000 00752cam a2200253 a 4500
001 000018154
005 20200929165358.0
008 761210s1967 mx abc 000 0 spa d
040 _aDO-SdBNP
_bspa
_cDLC
_dBNPHU
082 _a848.52
_bB844n, 1967
100 1 _aBreton, André,
_d1896-1966.
_939334
245 1 0 _aNadja /
_cAndré Breton.
250 _a2a ed.
260 _aMéxico :
_bEditorial Joaquín Mortiz,
_c1967.
300 _a119 p. :
_bil., retrs., facsims. ;
_c19 cm.
490 1 _aVolador
650 4 _aNovela francesa
_91075
650 4 _aProsa poética francesa
_939335
650 4 _aNovela fantástica
_939336
650 4 _aPoetas
_xNovela
_939337
830 0 _aVolador ;
_912484
910 _aCatalogación derivada
049 _aBNGR
999 _c17675
_d17675